Statistiken für Redewendungen - Tiere

Klicken Sie hier um das Quiz zu spielen!

Allgemein

  • Dieses Quiz wurde 2,212 mal gespielt
  • Das Durchschnittsergebnis liegt bei 17 aus 20

Antwortstatistiken

Redewendung % Korrekt
Das brachte nichts; alles war für die {Katz}
98%
Das schlägt zwei {Fliegen} mit einer Klappe
97%
Der frühe Vogel fängt den {Wurm}
97%
Wie ein {Elefant} im Porzellanladen
96%
{Fuchs}teufelswild sein
95%
Ich glaub‘, mich tritt ein {Pferd}
95%
Nicht schlecht, Herr {Specht}!
94%
Arm wie eine Kirchen{maus}
94%
Jemandem ist eine {Laus} über die Leber gelaufen
89%
Jemanden zur {Schnecke} machen
88%
{Bären}stark sein
86%
Augen wie ein {Luchs} haben
85%
Das geht auf keine {Kuh}haut
83%
Stur wie ein {Esel} sein
81%
Ein {Affen}theater veranstalten
81%
Wo sich Fuchs und {Hase} Gute Nacht sagen
81%
Lieber den {Spatz} in der Hand als die Taube auf dem Dach
79%
{Krokodils}tränen weinen
69%
Eine {Schwalbe} macht noch keinen Sommer
60%
Die Vogel-{Strauß}-Taktik anwenden
45%

Verteilung der Resultate

Perzentil nach korrekt beantworteten Fragen

Anzahl Personen mit jedem Resultat

Ihre Resultats-Entwicklung

Sie haben dieses Quiz noch nicht gespielt